Myctical Malaysia...remembering
| Main Author: | |
|---|---|
| Format: | Book |
| Language: | English |
| Published: |
Kuala Lumpur :
BN&Associates ,
2003
|
| Subjects: |
MARC
| LEADER | 00000cam a2200000 7i4500 | ||
|---|---|---|---|
| 001 | 0000024967 | ||
| 005 | 20131121.0 | ||
| 008 | 081113 my a eng | ||
| 020 | |a 1000001298 | ||
| 040 | |a INS | ||
| 090 | 0 | 0 | |a DS592.6 |b N37 2003 |
| 100 | 1 | |a Narayanan, Bernice | |
| 245 | 1 | 0 | |a Myctical Malaysia...remembering |c Bernice Narayanan |
| 260 | |a Kuala Lumpur : |b BN&Associates , |c 2003 | ||
| 300 | |a 127p. : |b ill ; |c 28cm. | ||
| 651 | 0 | |a Malaysia |x Description and travel | |
| 651 | 0 | |a Malaysia |x Pictorial works | |
| 651 | 0 | |a Malaysia |x Social life and customs | |
| 999 | |a 1000001298 |b BOOK |c Open Shelf |e Default branch | ||